00993nam a2200289 a 4500001000800000005001700008008004100025020001500066040001300081041002000094044000700114050002100121100002200142245006200164260011600226300002300342500003800365500001000403546006800413650003500481740001800516740001700534902000800551942001100559999001500570952011800585BRL_10820190320210607.0950504s1989 mx-a######---#000-0dspa-# a9684995822 aDLCcDLC aspagerfreengjpn amx 4aTR654b.K84 19891 aKuhn, Toni92293210aOtros sueños = Andere Traume = Other DreamscToni Kuhn. aMéxicobUAM, Dirección de Difusión Cultural : UNAM, Dirección de Actividades Cinematográficasc[1989] a83 p.bil.c27 cm. aIncluye índice de fotografías aAu150 aTexto en : español, alemán, francés, inglés y japonés14aFotografía artística925470 aAndere Traume0 aOther Dreams aGRL 2lcccB c8921d8921 00104070aBRLbBRLd2012-10-11iAu150l0oTR654 .K84 1989 (Au150)pGRL00120r2019-03-22 00:00:00w2019-03-22yB